Strategies of Discourse Comprehension.
Na minha lista:
| Main Authors: | , |
|---|---|
| Formato: | Desconhecido |
| Idioma: | inglês |
| Publicado em: |
New York, USA:
Academic Press,
1983
|
| Assuntos: | |
| Tags: |
Adicionar Tag
Sem tags, seja o primeiro a adicionar uma tag!
|
MARC
| LEADER | 00000 a2200000 4500 | ||
|---|---|---|---|
| 003 | CL-VaPUC | ||
| 005 | 20231128114036.0 | ||
| 008 | 220318b1983 ||||| |||| 00| 0 eng d | ||
| 999 | |c 434931 |d 434929 | ||
| 020 | |a 0-12-712050-5 | ||
| 040 | |c Pontificia Universidad Católica de Valparaíso | ||
| 082 | |a 401.41 DIJ 1983 |2 22 | ||
| 100 | 1 | |a Dijk, Teun A. van |9 867335 |e author | |
| 245 | 1 | |a Strategies of Discourse Comprehension. | |
| 260 | |a New York, USA: |b Academic Press, |c 1983 | ||
| 300 | |a 418 páginas | ||
| 583 | |k Cristina María Rojas Aguilar |c 20220318 | ||
| 650 | 0 | |a Análisis del discurso |x Aspectos psicológicos |9 256696 | |
| 650 | 0 | |a Comprensión |9 339377 | |
| 700 | |a Kintsch, Walter |9 867378 |e author | ||
| 942 | |2 ddc |c BK | ||
| 952 | |0 0 |1 0 |2 ddc |4 0 |6 401_410000000000000_DIJ_1983 |7 0 |8 A |9 581931 |a BIBEDU |b BIBEDU |c GEN |d 2022-03-17 |e 59 |g 120145.50 |i 5650142 |l 1 |o 401.41 DIJ 1983 |p 5650142 |r 2022-09-27 |s 2022-09-20 |t 1 |v 120145.50 |w 2022-03-17 |y BK |k LIT | ||